000 00676nam a2200229Ii 4500
003 JO-AjNU
005 20240110132530.0
008 230605s9999||||xx |||||||||||||| ||und||
017 _a1978/584
040 _aJO-AjNU
_bara
_erda
_cJO-AjNU
041 _aara
050 1 4 _aBP130.4.A54 1978
100 3 _aالعاني، عبد القهار داود,
_eauthor
_937336
245 0 0 _aدراسات في التفسير والمفسرين
264 3 1 _aد.م: د.ن، 1978
300 _a238ص
336 _atext
_btxt
_2rdacontent
337 _aunmediated
_bn
_2rdamedia
338 _avolume
_bnc
_2rdacarrier
650 4 _aقران كريم - تفسير
_937337
942 _2lcc
_cBK
999 _c19159
_d19159